00508nam a2200193 a 4500001001300000003000900013005001700022008004100039020002300080082001500103100001900118245005400137260003700191300000900228500003500237505001000272650001300282700001900295nice12345678IN_TiNIC20260116013716.0050524s1995 newa grp 000 0 eng  a8185990 c10000a294.5bFRA aFrawley, David aHinduismb the Eternal Tradition, Sanatana Dharma aNew DelhibVoice of India c1995 a262p aincludes index and biblioraphy2 aIndex aHinduism1 aFrawley, David